Central Library OPAC University of Rajshahi

রুমূয-ই-বেখূদী / (Record no. 63628)

MARC details
000 -LEADER
fixed length control field 01006nam a2200241 a 4500
001 - CONTROL NUMBER
control field 63628
003 - CONTROL NUMBER IDENTIFIER
rucl marc code BD-RjUL
005 - DATE AND TIME OF LATEST TRANSACTION
control field 20211209081222.0
008 - FIXED-LENGTH DATA ELEMENTS--GENERAL INFORMATION
fixed length control field 170131s2003 bg ||||| |||| 00| 0 ben d
020 ## - INTERNATIONAL STANDARD BOOK NUMBER
International Standard Book Number 98484880108
Terms of availability : Tk.100.00
035 ## - SYSTEM CONTROL NUMBER
System control number (BD-RjUL)63757
040 ## - CATALOGING SOURCE
Original cataloging agency BD-RjUL
Language of cataloging ben
Transcribing agency BD-RjUL
Modifying agency BD-RjUL
041 ## - LANGUAGE CODE
Language code of text/sound track or separate title ben
082 ## - DEWEY DECIMAL CLASSIFICATION NUMBER
Edition number 23
Classification number 891.551
Author mark and year IQR 2003
100 ## - MAIN ENTRY--PERSONAL NAME
Personal name ইকবাল, মুহাম্মদ
9 (RLIN) 161365
245 10 - TITLE STATEMENT
Title রুমূয-ই-বেখূদী /
Statement of responsibility, etc. মুহাম্মদ ইকবাল, আবুল ফারাহ্‌ মুহাম্মদ আবদুল হক অনূদিত
260 ## - PUBLICATION, DISTRIBUTION, ETC. (IMPRINT)
Place of publication, distribution, etc. ঢাকা :
Name of publisher, distributor, etc. আল্লামা ইকবাল সংসদ,
Date of publication, distribution, etc. ২০০৩
300 ## - PHYSICAL DESCRIPTION
Pagination ১০৪ পৃ. ;
Size ২৩ সেমি.
650 ## - SUBJECT ADDED ENTRY--TOPICAL TERM
Topical term or geographic name as entry element ফার্সি কবিতা
9 (RLIN) 161366
Topical term or geographic name as entry element Farsi Poetry
9 (RLIN) 161367
700 ## - ADDED ENTRY--PERSONAL NAME
Personal name হক, আবুল ফারাহ্‌ মুহাম্মদ আবদুল
942 ## - ADDED ENTRY ELEMENTS (KOHA)
Source of classification or shelving scheme Dewey Decimal Classification
Koha item type Books
Holdings
Lost status Source of classification or shelving scheme Damaged status Not for loan Collection code Permanent Location Current Location Shelving location Date acquired Source of acquisition Total Checkouts Full call number Date last seen Copy number Koha item type
  Dewey Decimal Classification   Not For Loan Non-fiction Central Library, University of Rajshahi Central Library, University of Rajshahi Reading Room 06/10/2004 Allama Iqbal   B 891.551 IQR 2003 31/01/2017 C-1 Books